000
00331nam a22001457a 4500
008
221021b ||||| |||| 00| 0 eng d
020
_a
9780971375673
041
_a
eng
080
_2
ERD EDITION
_a
004
082
_a
004 AMA
100
_a
18
101
_a
SHK
245
_a
THE WORLD'S EASIEST GUIDE
_c
AMATO C
942
_2
udc
_c
BK
999
_c
58641
_d
58641